"Jools" ďaleko od hlučného davu Julie Driscollová-Trippettová po rokoch

Podrobná bibliografia
Hlavný autor: Preis, Ivan (Autor)
Médium: Článok
Jazyk:slovenčina
Fyzický popis:Obr. 3.
Predmet:

MARC

LEADER 00000nab a2200000 a 4500
001 vtls000275267
003 SK-MaSNL
005 20260302213917.0
008 111130c1987 xo 0 slo
015 |a SNBRB19rr/mm-uuuuu 
035 |a CL0285381 
040 |a SNKBUCL  |b slo  |c SNKBUCL  |e AACR2 
041 0 |a slo 
044 |a xo  |c SK 
080 |a 78.071.2:784.66  |2 1981 
080 |a 784.66  |2 1981 
080 |a 929 Driscoll-Trippett, Julie  |2 1981 
100 1 |a Preis, Ivan  |4 aut  |9 940519 
245 1 0 |a "Jools" ďaleko od hlučného davu  |b Julie Driscollová-Trippettová po rokoch  |c Ivan Preis 
300 |b Obr. 3. 
650 0 7 |a Driscoll-Trippett, Julie  |2 snkbucl  |9 940520 
655 7 |a články z novín a časopisov  |2 snkbucl  |9 267496 
773 0 |t Populár  |g Roč. 19, č. 4 (1987), s. 10-11 a 13 
850 |a Slovenská národná knižnica v Martine  |a MTA001 
852 |a SNK  |b KIS3GCP 
958 |a RK 
992 |a RBX 
999 |c 1495539  |d 1497469